Polityczna przestrzeń polskości w XX wieku
| Titel: | Polityczna przestrzeń polskości w XX wieku : bezpieczeństwo polityczne Rzeczypospolitej z perspektywy racji stanu / Grzegorz Łukomski |
|---|---|
| Verfasser: | |
| Veröffentlicht: | Poznań [u.a.] : Wydawn. Naukowe Silva Rerum, 2013 |
| Umfang: | 227 S. ; 25 cm |
| Format: | Buch |
| Sprache: | Polnisch |
| ISBN: | 8364447009 ; 9788364447006 |
| Hinweise zum Inhalt: |
Inhaltsverzeichnis
|
alg: 33540243
001A $03004:13-01-14
001B $01999:09-06-23 $t21:17:33.000
001C $03004:27-02-14 $t09:42:47.000
001D $03004:27-02-14
001U $0utf8
001X $00
002@ $0Aau
003@ $0335402437
004A $083-64447-00-9
004A $A978-83-64447-00-6
007A $0335402437 $aHEB
007G $0DE020FA1E95FFB8F4114BC1257CC500282839
009P $qapplication/pdf $A2 $3Inhaltsverzeichnis $uhttp://scans.hebis.de/HEBCGI/show.pl?33540243_toc.pdf $mV:DE-603;B:DE-Mb50
010@ $apol
011@ $a2013
021A $aPolityczna przestrzeń polskości w XX wieku $dbezpieczeństwo polityczne Rzeczypospolitej z perspektywy racji stanu $hGrzegorz Łukomski
028A $7123954983 $8Łukomski, Grzegorz$Z1956- [Tp1] $9154746576
033A $pPoznań {[u.a.] $nWydawn. Naukowe Silva Rerum
034D $a227 S.
034I $a25 cm
037A $aZsfassung in engl. Sprache
044A $aBezpieczeństwo narodowe $2jhpk $S7 $y20 w $zPolska
044A $aBezpieczeństwo państwa $2jhpk $S7 $y20 w $zPolska
044A $aIdee polityczne $2jhpk $S7 $y20 w $zPolska
044A $aRacja stanu $2jhpk $S7
044K $RKongresspolen $RWestgalizien $#Generalgouvernement Polen $#Polska $#Rzeczpospolita Polska $#Polska Rzeczpospolita Ludowa $#Poland $#Pologne $#République Polonaise $#Generalne Gubernatorstwo w Polsce $#Polish People's Republic $#Polska Rzeczpospolita Polen $#PRL $#RP $#Polen Generalgouvernement $#Polska Generalgouvernement $#Besetzte Polnische Gebiete $#Besetztes Gebiet in Polen $#Okupowane Polskie Obszary $#Obszary Okupowane w Polsce $#Volksrepublik Polen $#Polska Rosyjska $#Republic Polen $#Respublika Pol'ša $#Pol'skaja Narodnaja Respublika $#République de Pologne $#Polen Links der Weichsel $#Polska po Lewej Stronie Wisły $#Lenkija $#Polija $#Gubernija Carstva Pol'skago $#Republik Polen $74046496-9 $8Polen [Tg1] $9085129801
044K $#Reason of state $#Raison d'État $#Ragion di Stato $#Razón de Estado $#Staatsräson $#Staatsraison $74193604-8 $8Staatsräson [Ts1] $9085966932
044K $RPolitische Philosophie $RPolitisches Bewusstsein $RPolitische Theorie $RPolitische Ethik $#Political science $#Political and social views $#Idées politiques $#Pensée politique et sociale $#Politische Ideen $#Staatsdenken $#Staatsgedanke Politisches Denken $#Politische Idee $74115590-7 $8Politisches Denken [Ts1] $908534995X
044K $RPolitik $RAußenpolitik $RStrategische Stabilität $#Verteidigungspolitik Sicherheitspolitik $#Äußere Sicherheit Sicherheitspolitik $#Nationale Sicherheit Sicherheitspolitik $74116489-1 $8Sicherheitspolitik [Ts1] $9085355682
045F $a355.009438 $eDDC23BSB
045F/01 $a355.009
045F/03 $g438
045G $a900.94380904 $eDDC23BSB
045G/01 $a900
045G/03 $f0904
045G/03 $g438
045R $aGeschichte 1900-2000
046M $aLiteraturverz. S. 200 - 212
lok: 33540243 24
101B $023-04-14 $t10:23:25.000
101C $023-04-14
101U $0utf8
145Z/01 $a32 14 F
145Z/02 $a32 7 P
exp: 33540243 24 1 #EPN
201B/01 $027-02-14 $t09:43:52.000
201C/01 $013-01-14
201U/01 $0utf8
203@/01 $0725514507
208@/01 $a27-02-14 $bz
209A/01 $a14.01782 $du $f050 $h14 01782 $x00
209C/01 $a14.01782 K $h14 01782 K
209G/01 $a73378044 $x00
220C/01 $awal
247C/01 $8358050-7 Marburg, Bibliothek des Herder-Instituts Marburg $9102600961
lok: 33540243 66
exp: 33540243 66 1 #EPN
201B/01 $002-05-14 $t14:15:29.000
201C/01 $002-05-14
201U/01 $0utf8
203@/01 $0731187415
208@/01 $a02-05-14 $bz
209A/01 $aG Łu/P $du $f000 $x00
209C/01 $a14/e671
247C/01 $8618123-5 Darmstadt, Bibliothek des Deutschen Polen-Instituts $9102600902
lok: 33540243 78
exp: 33540243 78 1 #EPN
201B/01 $009-10-20 $t13:31:30.000
201C/01 $009-10-20
201U/01 $0utf8
203@/01 $01125467347
208@/01 $a09-10-20 $be
209A/01 $a/ $f000 $x00
209A/01 $ab*p $x01
220C/01 $apgar
244Z/01 $#Generalgouvernement Polen $#Polska $#Rzeczpospolita Polska $#Polska Rzeczpospolita Ludowa $#Poland $#Pologne $#République Polonaise $#Generalne Gubernatorstwo w Polsce $#Polish People's Republic $#Polska Rzeczpospolita Polen $#PRL $#RP $#Polen Generalgouvernement $#Polska Generalgouvernement $#Besetzte Polnische Gebiete $#Besetztes Gebiet in Polen $#Okupowane Polskie Obszary $#Obszary Okupowane w Polsce $#Volksrepublik Polen $#Polska Rosyjska $#Republic Polen $#Respublika Pol'ša $#Pol'skaja Narodnaja Respublika $#République de Pologne $#Polen Links der Weichsel $#Polska po Lewej Stronie Wisły $#Lenkija $#Polija $#Gubernija Carstva Pol'skago $#Republik Polen $74046496-9 $8--Tg1--Polen $x01 $9085129801
247C/01 $82080>Marburg/Lahn, Herder-Institut, Forschungsbibliothek, Bibliographieportal $9336309341
| LEADER | 00000cam a2200000 c 4500 | ||
|---|---|---|---|
| 001 | 335402437 | ||
| 003 | DE-603 | ||
| 005 | 20230609211733.0 | ||
| 007 | tu | ||
| 008 | 140113s2013 xx |||| | u00||u|pol c | ||
| 020 | |a 8364447009 | ||
| 020 | |a 9788364447006 | ||
| 035 | |a (DE-599)HEB335402437 | ||
| 040 | |a DE-603 |b ger |c DE-603 |d DE-603 | ||
| 041 | |a pol | ||
| 082 | 0 | 4 | |8 1\u |a 355.009438 |q DE-101 |2 23/BSB |
| 083 | 0 | |8 2\u |a 900.94380904 |q DE-101 |2 23/BSB | |
| 085 | |8 1\u |b 355.009 | ||
| 085 | |8 1\u |z 2 |s 438 | ||
| 085 | |8 2\u |b 900 | ||
| 085 | |8 2\u |z 1 |s 0904 | ||
| 085 | |8 2\u |z 2 |s 438 | ||
| 100 | 1 | |a Łukomski, Grzegorz |d 1956- |0 (DE-603)154746576 |0 (DE-588)123954983 |2 gnd | |
| 245 | 0 | 0 | |a Polityczna przestrzeń polskości w XX wieku |b bezpieczeństwo polityczne Rzeczypospolitej z perspektywy racji stanu |c Grzegorz Łukomski |
| 264 | 1 | |a Poznań [u.a.] |b Wydawn. Naukowe Silva Rerum |c 2013 | |
| 300 | |a 227 S. |c 25 cm | ||
| 500 | |a Zsfassung in engl. Sprache | ||
| 504 | |a Literaturverz. S. 200 - 212 | ||
| 648 | 7 | |a Geschichte 1900-2000 |2 gnd | |
| 650 | 7 | |a Staatsräson |0 (DE-588)4193604-8 |0 (DE-603)085966932 |2 gnd | |
| 650 | 7 | |a Politisches Denken |0 (DE-588)4115590-7 |0 (DE-603)08534995X |2 gnd | |
| 650 | 7 | |a Sicherheitspolitik |0 (DE-588)4116489-1 |0 (DE-603)085355682 |2 gnd | |
| 651 | 7 | |a Polen |0 (DE-588)4046496-9 |0 (DE-603)085129801 |2 gnd | |
| 856 | 4 | 2 | |m V:DE-603;B:DE-Mb50 |q application/pdf |u http://scans.hebis.de/HEBCGI/show.pl?33540243_toc.pdf |3 Inhaltsverzeichnis |
| 924 | 0 | |9 Mb 50 |a (DE-603)725514507 |b DE-Mb50 |c HES |d c |g 14.01782 | |
| 924 | 0 | |9 Ds 123 |a (DE-603)731187415 |b DE-Ds123 |c HES |d d |g G Łu/P | |
| 924 | 0 | |9 2080 |a (DE-603)1125467347 |b DE-2080 |c HES |d d |g / | |


